=LDR 00000nam 2200000 4500 =001 INLIS000000000011899 =005 20130612103440 =008 ***********************************Ind** =035 ##$$0010-061300000011899 =041 ##$$a Ind =082 ##$$a 381.34 =090 ##$$a 381.34; sus. p =100 ##$$a Susilo, Zoemratun k =245 ##$$a Penyambung lidah konsumen, Zoemratun k. Susilo; Penyuting Tanudi =260 ##$$a 1996 $b Jakarta =300 ##$$a xiv, 111 hlm, 21 cm =650 ##$$a Konsumen, Perlindungan =700 ##$$a Tanudi =850 ##$$a NBPNMAT